000 00264nam a2200109Ia 4500
008 190216s9999||||xx |||||||||||||| ||und||
100 _aAgarwal & Mittal
245 0 _aMarketing Management
260 _bHimalaya Publishing House
300 _a399p`
942 _cBK
999 _c6098
_d6098